Age de décès personnes célébres. - Statistiques

Statistiques générales
  • Ce quiz a été pris 144 fois
  • Le résultat moyen est 7 sur 15
Statistiques - réponses
Question Réponse % Correct
Amy Winehouse ? 27 ans
85%
Kurt Cobain ? 27 ans
67%
Johnny Hallyday ? 74 ans
67%
Michael Jackson 50 ans
61%
Grégory Lemarchal ? 23 ans
55%
Freddie Mercury 45 ans
55%
Charles Aznavour ? 94 ans
52%
Raymond Poulidor ? 83 ans
45%
Et enfin Charlie Chaplin ? 88 ans
45%
Daniel Balavoine 33 ans
39%
Coluche ? 41 ans
39%
Diego Maradona ? 60 ans
39%
James Dean ? 24 ans
33%
Bruce Lee ? 32 ans
33%
Chester Bennington (chanteur de Linkin Park) ? 41 ans
27%
Aucun quiz correspondant
Distribution des résultats
% des personnes avec chaque résultat
Percentile par nombre de réponses
Votre historique - résultats
Vous n’avez pas pris ce quiz